00000000nes 2200000za 4500
0019.511439
003CaOODSP
00520251128094557
006s|| m      f0    |
007aj |a|||
008150406c2007||||xxc||||   b##f  |   fre|d
040 |aCaOODSP|bfre
041 |aeng
041 |afre
043 |an-cn---
0861 |aM48
1102 |aCommission géologique du Canada.
24510|aCarte série "A" |h[document cartographique]
260 |aOttawa - Ontario : |bRessources naturelles Canada. |c2007--.
310 |aIrrégulier
3621 |a900A--
77508|tCarte série "A" |w(CaOODSP)9.513396
77508|t"A" series map |w(CaOODSP)9.515061
791 |t"A" series map |eeng|w(CaOODSP)9.511438